The second curve : Managing the velocity of change

Bibliographic Details
Main Author: Morrison, Ian
Format: Book
Published: London : Nicholas Brealey Publ. , 1996
Subjects:

MARC

LEADER 00000cam a2200000 7i4500
001 0000000740
005 20050428.0
020 |a 1857881273 
040 |a INS 
090 0 0 |a HD58.8.   |b M655 1996 
100 1 |a Morrison, Ian 
245 1 4 |a The second curve :   |b Managing the velocity of change   |c Ian Morrison 
260 |a London :   |b Nicholas Brealey Publ. ,   |c 1996 
300 |a 272p. 
650 0 0 |a Organizational 
999 |a 0000006590   |b BOOK   |c Open Shelf   |e Default branch